000 00289nam a22001337a 4500
008 170623b xxu||||| |||| 00| 0 eng d
020 _a9780205267866
041 _aeng
080 _a328
100 _a21
101 _aSHP
245 _aAMERICAN GOVERNMENT
_cO'CONNOR.K
942 _2udc
_cBK
999 _c18914
_d18914